Countries with Aardwolves - Statistics

General Stats
  • This quiz has been taken 23 times
  • The average score is 18 of 19
Answer Stats
Answer % Correct
Angola
100%
Egypt
100%
Eritrea
100%
Kenya
100%
Mozambique
100%
Namibia
100%
Somalia
100%
South Sudan
100%
Sudan
100%
Tanzania
100%
Djibouti
94%
Ethiopia
94%
Lesotho
94%
South Africa
94%
Uganda
94%
Zimbabwe
94%
Eswatini
89%
Zambia
89%
Botswana
83%
No matching quizzes found
Score Distribution
Percent of People with Each Score
Percentile by Number Answered
Your Score History
You have not taken this quiz